banner-ar

BACH: THE BRANDENBURY CONCERTOS / (Record no. 11478)

MARC details
000 -الفاتح
حقل البيانات ثابتة الطول 00417nam a2200169Ia 4500
008 - عناصر البيانات ثابتة الطول - معلومات عامة
حقل البيانات ثابتة الطول 140319s9999 xx 000 0 eng d
040 ## - مصدر الفهرسة
وكالة الفهرسة الأصلية GCL /
وكالة النسخ GCL
082 04 - رقم تصنيف ديوى العشرى
رقم التصنيف 784.23
رقم المادة B B
100 1# - المدخل الرئيسى - إسم شخصى
الإسم الشخصى BOYED, MALCOM
245 10 - بيان العنوان
العنوان BACH: THE BRANDENBURY CONCERTOS /
بيان المسئوليه,etc BOYED, MALCOM
650 04 - المدخل الاضافى بالموضوع-مصطلح موضوعى
مصطلح موضوعي BACH, JOHANN (1685 - 1750)
650 04 - المدخل الاضافى بالموضوع-مصطلح موضوعى
مصطلح موضوعي MUSIC
650 04 - المدخل الاضافى بالموضوع-مصطلح موضوعى
مصطلح موضوعي MUSICIANS
650 04 - المدخل الاضافى بالموضوع-مصطلح موضوعى
مصطلح موضوعي CONCERTOS
942 ## - عناصر المدخل الإضافي( كوها)
مصدر التصنيف او مخطط الترفيف Dewey Decimal Classification
Koha [default] item type كتاب
Holdings
حالة التراجع حالة الفقد حالة تلف ليس للاعارة المكان المؤقت الموقع الحالى تاريخ الاكتساب اجمالي اﻻعارات رقم الطلب الباركود تاريخ اخر مشاهدة تاريخ تفعيل السعر نوع وعاء كوها
        مكتبة القاهرة الكبرى مكتبة القاهرة الكبرى 03/26/2014   784.23\B B 22672 03/26/2014 03/26/2014 كتاب

Powered By

EGPV